000 00684nam a2200253Ia 4500
003 OSt
005 20220924115901.0
006 a|||||r|||| 00| 0
007 ta
008 220923b |||||||| |||| 00| 0 urd d
024 _a322987
037 _cTextual
040 _aARTS
_cARTS
_burd
041 _2urd
_aurd
082 _aV2,1w(Y15).J, 168E4.2
100 _aHasan Zahoor Au.
_9179969
245 0 _aMukhaddarat
260 _aDelhi
_bHali press India
_c1914
650 _a INDIA - HISTORY
650 _a WOMEN
_928101
650 _aBIOGRAPHY
_92340
942 _hV2,1w(Y15).J, 168E4.2
_cTEXL
_2CC
999 _c400296
_d400296